000 00680nam a22002177a 4500
005 20251108165806.0
008 250721s1999 xx 000 0 ara d
082 1 4 _a410.7/فري
100 1 _aفريحات، مريم جبر
245 1 0 _aاللغة العربية :
_bدراسات نظرية و تطبيقية في المستويات ........ /
264 1 _aإربد :
_bدار الكندي،
_c1999.
300 _a247ص
650 1 7 _aاللغة العربية
650 1 7 _aالمعاجم
650 1 7 _aقواعد اللغة
650 1 7 _aالتعليم
650 1 7 _aالبلاغة
700 1 _aبني دياب، مصطفى
942 _2ddc
_cBK
999 _c31415
_d31415